MARC

LEADER 00000nam0a2200000 4500
001 309888
005 20231102002232.0
020 |a RU  |b 79-81896 
035 |a (RuTPU)RU\TPU\book\335227 
090 |a 309888 
100 |a 20151118d1979 m y0rusy5003 ca 
101 0 |a rus 
102 |a RU 
105 |a a z 000zy 
200 1 |a Космос - дорога без конца  |f А. Г. Николаев 
205 |a 2-е изд. 
210 |a Москва  |c Молодая гвардия  |d 1979 
215 |a 240 с.  |c ил. 
225 1 |a Люди и космос 
606 1 |a Космонавтика в СССР  |2 stltpush  |3 (RuTPU)RU\TPU\subj\15897  |9 42100 
610 1 |a космонавты 
610 1 |a космические полеты 
610 1 |a летчики-космонавты 
610 1 |a космические корабли 
610 1 |a подготовка 
675 |a 629.78(092)  |v 3 
700 1 |a Николаев  |b А. Г.  |c летчик-космонавт СССР  |c дважды Герой Советского Союза (18.8.1962 и 3.7.1970)  |c ген.-майор авиации (1970)  |f 1929-  |g Андриян Григорьевич  |2 stltpush  |3 (RuTPU)RU\TPU\pers\15989  |9 5586 
801 0 |a RU  |b RuMRKP  |c 19950704  |g psbo 
801 1 |a RU  |b 63413507  |c 20151118 
801 2 |a RU  |b 63413507  |c 20170630  |g RCR 
942 |c BK